Nourriture par images #1 - Statistiques

Statistiques générales
  • Ce quiz a été pris 5 587 fois
  • Le résultat moyen est 9 sur 15
Statistiques - réponses
Par images Réponse % Correct
Poire
99%
Banane
85%
Fraise
85%
Framboise
83%
Melon d'eau
82%
Mûre
71%
Orange
65%
Kiwi
58%
Pomme
55%
Litchi
52%
Citron
50%
Lime
41%
Pamplemousse
33%
Raisin
31%
Bleuet
17%
Aucun quiz correspondant
Distribution des résultats
% des personnes avec chaque résultat
Percentile par nombre de réponses
Votre historique - résultats
Vous n’avez pas pris ce quiz